<?xml version="1.0" encoding="UTF-8"?>
<record
    xmlns:xsi="http://www.w3.org/2001/XMLSchema-instance"
    xsi:schemaLocation="http://www.loc.gov/MARC21/slim http://www.loc.gov/standards/marcxml/schema/MARC21slim.xsd"
    xmlns="http://www.loc.gov/MARC21/slim">

  <leader>00354nam a2200145   4500</leader>
  <controlfield tag="008">190122s2007||||xo                      d</controlfield>
  <datafield tag="100" ind1="1" ind2=" ">
    <subfield code="a">Templ&#xE1;r Richard</subfield>
    <subfield code="9">799</subfield>
  </datafield>
  <datafield tag="245" ind1="1" ind2="0">
    <subfield code="a">100 zlat&#xFD;ch pravidiel pre spokojn&#xFD; &#x17E;ivot</subfield>
  </datafield>
  <datafield tag="250" ind1=" " ind2=" ">
    <subfield code="a">1. vydanie </subfield>
  </datafield>
  <datafield tag="260" ind1=" " ind2=" ">
    <subfield code="b">Grada Publishing</subfield>
    <subfield code="c">2007</subfield>
  </datafield>
  <datafield tag="020" ind1=" " ind2=" ">
    <subfield code="c">0</subfield>
  </datafield>
  <datafield tag="041" ind1="1" ind2=" ">
    <subfield code="a">slo</subfield>
  </datafield>
  <datafield tag="044" ind1=" " ind2=" ">
    <subfield code="a">xo</subfield>
    <subfield code="c">SK</subfield>
  </datafield>
  <datafield tag="958" ind1=" " ind2=" ">
    <subfield code="a">APR</subfield>
  </datafield>
  <datafield tag="999" ind1=" " ind2=" ">
    <subfield code="c">22001</subfield>
    <subfield code="d">22001</subfield>
  </datafield>
  <datafield tag="952" ind1=" " ind2=" ">
    <subfield code="0">0</subfield>
    <subfield code="1">0</subfield>
    <subfield code="2">udc</subfield>
    <subfield code="4">0</subfield>
    <subfield code="7">0</subfield>
    <subfield code="8">D</subfield>
    <subfield code="a">10000</subfield>
    <subfield code="b">10000</subfield>
    <subfield code="d">2019-01-21</subfield>
    <subfield code="i">20331</subfield>
    <subfield code="l">1</subfield>
    <subfield code="o">S1341</subfield>
    <subfield code="p">S1341</subfield>
    <subfield code="r">2026-06-08</subfield>
    <subfield code="s">2026-05-26</subfield>
    <subfield code="w">2019-12-12</subfield>
    <subfield code="y">OLDO</subfield>
  </datafield>
</record>
